000 00364 a2200157 4500
001 151037
040 _cEscola São Tomás de Aquino
100 _aMASSA,Ana Cristina
240 1 0 _aO segredo do colecionador
_lpor
245 1 0 _aO segredo do colecionador
300 _a134
362 0 _a2007
440 1 _aBiruta
697 _a*LITERATURA JUVENIL
942 _cBK
999 _c151037
_d151037